000 00291nam a22001337a 4500
008 170620b xxu||||| |||| 00| 0 eng d
020 _a9780691044828
041 _aeng
080 _a32
100 _a20
101 _aSHP
245 _aPOWER, TRADE & WAR
_cMANSFIELD, E.D
942 _2udc
_cBK
999 _c18366
_d18366